[Event "Budapest One Week IM-A 02"]
[Site "Budapest"]
[Date "2024.03.02"]
[Round "9"]
[White "Jakab, Attila"]
[Black "Hoolt, Sarah"]
[Result "0-1"]
[WhiteElo "2278"]
[BlackElo "2281"]
[PlyCount "56"]
[EventDate "2024.02.26"]
[EventType "tourn"]
[EventRounds "9"]
[EventCountry "HUN"]
[EventCategory "1"]
[SourceTitle "CB11_2024"]
[SourceDate "2024.03.13"]
[SourceVersion "1"]
[SourceVersionDate "2024.03.13"]
[SourceQuality "1"]

1. d4 Nf6 2. c4 e6 3. Nc3 Bb4 4. e3 0-0 5. Bd3 d5 6. Nf3 dxc4 7. Bxc4 c5 8. 0-0 Nc6 9. a3 Ba5 10. d5 exd5 11. Nxd5 Bg4 12. h3 Bh5 13. Nf4 Qxd1 14. Rxd1 Bxf3 15. gxf3 Rfd8 16. Nd5 Kf8 17. Bb3 Nxd5 18. Rxd5 Rxd5 19. Bxd5 Rd8 20. Bb3 Ne5 21. Kg2 c4 22. Bc2 Nd3 23. Kf1 b5 24. a4 b4 25. Bxd3 Rxd3 26. Ke2 Rb3 27. Kd1 Bd8 28. Kc2 Bf6 0-1

[Event "Budapest One Week IM-A 02"]
[Site "Budapest"]
[Date "2024.02.27"]
[Round "2"]
[White "Jakab, Attila"]
[Black "Foldes, Marton Gabor"]
[Result "1/2-1/2"]
[WhiteElo "2278"]
[BlackElo "2119"]
[PlyCount "40"]
[EventDate "2024.02.26"]
[EventType "tourn"]
[EventRounds "9"]
[EventCountry "HUN"]
[EventCategory "1"]
[SourceTitle "CB11_2024"]
[SourceDate "2024.03.13"]
[SourceVersion "1"]
[SourceVersionDate "2024.03.13"]
[SourceQuality "1"]

1. d4 Nf6 2. c4 e6 3. Nc3 Bb4 4. e3 0-0 5. Bd3 c5 6. Nf3 d5 7. 0-0 dxc4 8. Bxc4 cxd4 9. exd4 b6 10. Bg5 Bb7 11. Qd3 Nbd7 12. Rad1 Be7 13. Rfe1 h6 14. Bh4 a6 15. d5 exd5 16. Nxd5 Bxd5 17. Bxd5 Nxd5 18. Bxe7 Nxe7 19. Qxd7 Qxd7 20. Rxd7 Ng6 1/2-1/2

[Event "Budapest FS08 IM"]
[Site "Budapest"]
[Date "2023.08.07"]
[Round "3"]
[White "Jakab, Attila"]
[Black "Padhye, Rohan"]
[Result "1-0"]
[WhiteElo "2298"]
[BlackElo "2237"]
[PlyCount "141"]
[EventDate "2023.08.05"]
[EventType "tourn"]
[EventRounds "9"]
[EventCountry "HUN"]
[EventCategory "2"]
[SourceTitle "CBM 215 Extra"]
[Source "ChessBase"]
[SourceDate "2023.09.30"]
[SourceVersion "1"]
[SourceVersionDate "2023.09.30"]
[SourceQuality "1"]

1. d4 d5 2. c4 e6 3. Nc3 h6 4. Nf3 Nf6 5. Bf4 Bd6 6. Bxd6 Qxd6 7. e3 0-0 8. Rc1 Qe7 9. Qb3 c6 10. Bd3 Nbd7 11. 0-0 dxc4 12. Bxc4 e5 13. Nh4 Nd5 14. g3 exd4 15. Nxd5 cxd5 16. Bxd5 Nb6 17. exd4 Qd6 18. Bg2 Qxd4 19. Rfd1 Qf6 20. Qc3 Qxc3 21. Rxc3 Be6 22. b3 Rad8 23. Rcd3 Rxd3 24. Rxd3 Nd7 25. Nf3 Rc8 26. Rd1 Nf6 27. Nd4 Bg4 28. Bxb7 Rc7 29. Bf3 Bxf3 30. Nxf3 Ne4 31. Re1 Nc3 32. Re8+ Kh7 33. a3 a5 34. a4 Na2 35. Nd2 Nc1 36. Kf1 Rd7 37. Rc8 Rxd2 38. Rxc1 Rb2 39. Rc5 Rxb3 40. Rxa5 Ra3 41. h4 Kg6 42. h5+ Kf6 43. Kg2 g6 44. g4 g5 45. Rf5+ Ke7 46. a5 f6 47. Kf1 Ra4 48. f3 Ra2 49. Ke1 Ke6 50. Kd1 Ke7 51. Kc1 Re2 52. Kb1 Re6 53. Kb2 Kd7 54. Kb3 Kc6 55. Kc4 Kc7 56. Rb5 Ra6 57. Kd5 Kd7 58. Ke4 Ke7 59. Kf5 Kf7 60. Rb7+ Kg8 61. Kg6 Kf8 62. Rf7+ Kg8 63. Rxf6 Rxa5 64. Kxh6 Ra4 65. Kg6 Ra7 66. h6 Rb7 67. h7+ Rxh7 68. Rf8+ Kxf8 69. Kxh7 Kf7 70. Kh6 Kf6 71. Kh5 1-0

[Event "Budapest FS08 IM"]
[Site "Budapest"]
[Date "2023.08.06"]
[Round "2"]
[White "Sihite, Chelsie Monica"]
[Black "Jakab, Attila"]
[Result "0-1"]
[WhiteElo "2251"]
[BlackElo "2298"]
[PlyCount "138"]
[EventDate "2023.08.05"]
[EventType "tourn"]
[EventRounds "9"]
[EventCountry "HUN"]
[EventCategory "2"]
[SourceTitle "CBM 215 Extra"]
[Source "ChessBase"]
[SourceDate "2023.09.30"]
[SourceVersion "1"]
[SourceVersionDate "2023.09.30"]
[SourceQuality "1"]

1. e4 e6 2. d4 d5 3. Nd2 Nf6 4. e5 Nfd7 5. Bd3 c5 6. c3 Nc6 7. Ne2 cxd4 8. cxd4 f6 9. exf6 Nxf6 10. Nf3 Bd6 11. 0-0 Qc7 12. Bg5 0-0 13. Qc2 h6 14. Bh4 Bd7 15. a3 Be8 16. Bg6 Qb6 17. Rab1 Rc8 18. Qd3 Bd7 19. Nc3 Ne7 20. Bg3 Bxg3 21. hxg3 Ng4 22. Bh5 e5 23. dxe5 Nxf2 24. Qd4 Nd3 25. Qxb6 axb6 26. e6 Bxe6 27. Nd4 Bf7 28. Bxf7+ Rxf7 29. Rxf7 Kxf7 30. Ncb5 Rc1+ 31. Rxc1 Nxc1 32. Nd6+ Kf6 33. Nxb7 Nf5 34. Nb5 d4 35. g4 d3 36. Kf2 Nd4 37. Nc3 Ke7 38. a4 Ndb3 39. Ke1 Kd7 40. a5 bxa5 41. Kd1 Ne2 42. Ne4 Kc6 43. Nd8+ Kd5 44. Nf2 Kd4 45. g5 h5 46. Ke1 Nf4 47. g3 Ng2+ 48. Kf1 Ne3+ 49. Ke1 d2+ 50. Ke2 Nc4 51. Ne6+ Ke5 52. Nxg7 Nxb2 53. Nxh5 Kf5 54. g6 Kxg6 55. Nf4+ Kf7 56. Nd5 a4 57. Nc3 a3 58. Nfd1 Na4 59. g4 Kg8 60. Na2 Nc1+ 61. Kxd2 Nxa2 62. Kc2 Nb4+ 63. Kb1 Kf7 64. Ka1 Kg6 65. g5 Kh7 66. g6+ Kg7 67. Nc3 Nc2+ 68. Kb1 Nxc3+ 69. Kxc2 Nb5 0-1

[Event "HUN-chT 2223"]
[Site "Hungary"]
[Date "2023.04.23"]
[Round "9.12"]
[White "Jakab, Attila"]
[Black "Forgacs, Attila Jr"]
[Result "0-1"]
[WhiteElo "2304"]
[BlackElo "2286"]
[PlyCount "96"]
[EventDate "2022.11.20"]
[EventType "team-tourn"]
[EventRounds "9"]
[EventCountry "HUN"]
[SourceTitle "EXT 2024"]
[Source "ChessBase"]
[SourceDate "2023.10.10"]
[SourceVersion "1"]
[SourceVersionDate "2023.10.10"]
[SourceQuality "1"]
[WhiteTeam "Ajka Sentimento"]
[BlackTeam "Paks"]
[WhiteTeamCountry "HUN"]
[BlackTeamCountry "HUN"]

1. d4 Nf6 2. Nf3 g6 3. Bg5 Bg7 4. Nbd2 0-0 5. e4 d6 6. Bc4 h6 7. Bh4 c5 8. dxc5 dxc5 9. Qe2 Nh5 10. Qe3 g5 11. Bg3 Qb6 12. Bb3 Nxg3 13. hxg3 Qc7 14. 0-0-0 e6 15. e5 Nd7 16. Ne4 Nxe5 17. Rxh6 Nxf3 18. Nf6+ Bxf6 19. Rxf6 Qe5 20. Qxf3 Kg7 21. Rh1 g4 22. Qf4 Qxf4+ 23. Rxf4 f5 24. f3 b5 25. fxg4 c4 26. Bxc4 bxc4 27. Rxc4 Rf7 28. g5 Bb7 29. Rch4 Kg6 30. Rh6+ Kxg5 31. Rxe6 Bxg2 32. Rg1 Bf3 33. Rf1 Bg2 34. Rf2 Bb7 35. c4 Rh8 36. b4 Rh3 37. Re3 Rfh7 38. b5 Rh1+ 39. Kb2 Rc7 40. Rc3 Be4 41. a4 Rc5 42. Ka3 a5 43. bxa6 Ra5 44. Kb4 Rxa6 45. Ra2 Rb1+ 46. Kc5 Kf6 47. Kd4 Rd6+ 48. Ke3 Rg1 0-1

[Event "Budapest Vezerkepzo IM-B 04"]
[Site "Budapest"]
[Date "2023.04.13"]
[Round "1"]
[White "Adithya, A Chullikkad"]
[Black "Jakab, Attila"]
[Result "1/2-1/2"]
[WhiteElo "2259"]
[BlackElo "2320"]
[PlyCount "37"]
[EventDate "2023.04.13"]
[EventType "tourn"]
[EventRounds "9"]
[EventCountry "HUN"]
[SourceTitle "CBM 213 Extra"]
[Source "ChessBase"]
[SourceDate "2023.05.31"]
[SourceVersion "1"]
[SourceVersionDate "2023.05.31"]
[SourceQuality "1"]

1. e4 c5 2. Nf3 g6 3. d4 Bg7 4. Nc3 Qa5 5. d5 Bxc3+ 6. bxc3 Nf6 7. Bb2 Nxe4 8. Bd3 Nd6 9. 0-0 c4 10. Bxc4 Nxc4 11. Qd4 0-0 12. Qxc4 d6 13. Qh4 Qxd5 14. c4 Qf5 15. Qxe7 Nc6 16. Qxd6 Be6 17. Nd4 Nxd4 18. Qxd4 f6 19. Rfe1 1/2-1/2

[Event "Budapest FS04 IM"]
[Site "Budapest"]
[Date "2023.04.08"]
[Round "8"]
[White "Kshatriya, Nitin Vekhande"]
[Black "Jakab, Attila"]
[Result "0-1"]
[WhiteElo "2224"]
[BlackElo "2320"]
[PlyCount "128"]
[EventDate "2023.04.01"]
[EventType "tourn"]
[EventRounds "11"]
[EventCountry "HUN"]
[SourceTitle "CBM 213 Extra"]
[Source "ChessBase"]
[SourceDate "2023.05.31"]
[SourceVersion "1"]
[SourceVersionDate "2023.05.31"]
[SourceQuality "1"]

1. e4 e6 2. d3 d5 3. Nd2 dxe4 4. dxe4 b6 5. g3 Bb7 6. Bg2 Nf6 7. Ne2 Nbd7 8. 0-0 Nc5 9. Nc3 a5 10. e5 Bxg2 11. Kxg2 Nd5 12. Nde4 Nxe4 13. Nxe4 Qd7 14. Qf3 Rd8 15. c4 Nb4 16. Bg5 Be7 17. Rad1 Qc8 18. a3 Na6 19. Rxd8+ Bxd8 20. Bxd8 Qxd8 21. Rd1 Qc8 22. Ng5 0-0 23. Qe4 Qa8 24. Qxa8 Rxa8 25. Rd7 Rf8 26. f4 h6 27. Ne4 Rc8 28. Kf3 Kf8 29. g4 Ke8 30. Rd2 Rd8 31. Rxd8+ Kxd8 32. h4 Kd7 33. Ke3 Kc6 34. Kd4 Nc5 35. Nxc5 bxc5+ 36. Ke4 g6 37. h5 gxh5 38. g5 hxg5 39. fxg5 Kd7 40. Kf4 Ke7 41. Kg3 a4 42. Kh4 Kf8 43. Kxh5 Kg7 44. Kh4 Kg6 45. Kg4 c6 46. Kf4 Kh5 47. Ke4 Kxg5 48. Kd3 Kf5 49. b3 axb3 50. Kc3 Kxe5 51. Kxb3 Kd6 52. Kc3 e5 53. Kd3 f5 54. Ke3 Kc7 55. Kf3 Kb6 56. Ke3 Ka5 57. Kd3 Ka4 58. Kc3 Kxa3 59. Kc2 Kb4 60. Kd3 e4+ 61. Ke3 Kxc4 62. Kf4 Kd3 63. Kxf5 e3 64. Ke5 c4 0-1

[Event "Budapest FS04 IM"]
[Site "Budapest"]
[Date "2023.04.05"]
[Round "5"]
[White "Katkov, Michelle"]
[Black "Jakab, Attila"]
[Result "1/2-1/2"]
[WhiteElo "2152"]
[BlackElo "2320"]
[PlyCount "117"]
[EventDate "2023.04.01"]
[EventType "tourn"]
[EventRounds "11"]
[EventCountry "HUN"]
[SourceTitle "CBM 213 Extra"]
[Source "ChessBase"]
[SourceDate "2023.05.31"]
[SourceVersion "1"]
[SourceVersionDate "2023.05.31"]
[SourceQuality "1"]

1. e4 e6 2. d4 d5 3. Nd2 dxe4 4. Nxe4 Nd7 5. Nf3 Be7 6. c3 Ngf6 7. Nxf6+ Bxf6 8. Bd3 0-0 9. h4 g6 10. Bg5 Re8 11. 0-0 b6 12. Bb5 Bxg5 13. Nxg5 Bb7 14. Qa4 Re7 15. Bc6 Qc8 16. Ne4 Kg7 17. Rfe1 a6 18. d5 e5 19. Rad1 h6 20. h5 Rb8 21. hxg6 fxg6 22. Bxb7 Qxb7 23. d6 cxd6 24. Nxd6 Qa7 25. Qg4 Rf8 26. Re3 b5 27. Rf3 Nf6 28. Qh4 e4 29. Rxf6 Rxf6 30. Nc8 g5 31. Qg3 Qc5 32. Nxe7 Qxe7 33. Qe3 Qe6 34. Qa7+ Kg6 35. Qd4 Kf5 36. Re1 Qe5 37. Qd7+ Kg6 38. Rd1 Qe6 39. Qd4 Qf5 40. Re1 Re6 41. Rd1 Qf6 42. Qxf6+ Kxf6 43. a4 e3 44. fxe3 Rxe3 45. Kf2 Re4 46. axb5 axb5 47. Rd6+ Re6 48. Rxe6+ Kxe6 49. b3 h5 50. Kf3 Kf5 51. c4 bxc4 52. bxc4 h4 53. c5 g4+ 54. Ke3 Ke5 55. c6 Kd6 56. Kf4 h3 57. gxh3 gxh3 58. Kg3 Kxc6 59. Kxh3 1/2-1/2

[Event "HUN-chT 2223"]
[Site "Hungary"]
[Date "2023.02.19"]
[Round "6.10"]
[White "Terbe, Julianna"]
[Black "Jakab, Attila"]
[Result "0-1"]
[WhiteElo "2282"]
[BlackElo "2304"]
[PlyCount "100"]
[EventDate "2022.11.20"]
[EventType "team-tourn"]
[EventRounds "9"]
[EventCountry "HUN"]
[SourceTitle "CBM 213 Extra"]
[Source "ChessBase"]
[SourceDate "2023.05.31"]
[SourceVersion "1"]
[SourceVersionDate "2023.05.31"]
[SourceQuality "1"]
[WhiteTeam "Mako Duocor"]
[BlackTeam "Ajka Sentimento"]
[WhiteTeamCountry "HUN"]
[BlackTeamCountry "HUN"]

1. Nf3 d5 2. g3 c6 3. Bg2 Bg4 4. h3 Bh5 5. 0-0 Nf6 6. d3 Nbd7 7. c4 e6 8. cxd5 cxd5 9. Qb3 Nc5 10. Qb4 Bxf3 11. Bxf3 Qd7 12. d4 Nd3 13. Qb3 Nxc1 14. Rxc1 Be7 15. Nc3 0-0 16. Rc2 Rfc8 17. Rac1 Rc4 18. a3 a6 19. e3 b5 20. Be2 Rcc8 21. a4 b4 22. Nb1 Ne4 23. Kg2 f5 24. h4 h6 25. Qd3 Bd6 26. Rxc8+ Rxc8 27. Rxc8+ Qxc8 28. Qxa6 Qc2 29. Qd3 Qc1 30. Qd1 Qxb2 31. a5 Bxg3 32. fxg3 Nc3 33. Qd2 Qxb1 34. a6 Qa1 35. Bd3 Kf7 36. Qc2 Kf6 37. Qb3 Qa5 38. h5 Ne4 39. Bxe4 fxe4 40. a7 Qxa7 41. Qxb4 Qf7 42. Qd6 Kg5 43. Kh3 Qf5+ 44. Kh2 Kxh5 45. Qe7 g5 46. Qg7 Kg4 47. Qxh6 Qf2+ 48. Kh1 Qe1+ 49. Kg2 Qxg3+ 50. Kf1 Qh3+ 0-1

[Event "Budapest SixDays 01 IM-B"]
[Site "Budapest"]
[Date "2023.01.27"]
[Round "8"]
[White "Daroczi, Donat"]
[Black "Jakab, Attila"]
[Result "0-1"]
[WhiteElo "2148"]
[BlackElo "2308"]
[PlyCount "76"]
[EventDate "2023.01.23"]
[EventType "tourn"]
[EventRounds "9"]
[EventCountry "HUN"]
[SourceTitle "CBM 212 Extra"]
[Source "ChessBase"]
[SourceDate "2023.03.31"]
[SourceVersion "1"]
[SourceVersionDate "2023.03.31"]
[SourceQuality "1"]

1. e4 Nf6 2. e5 Nd5 3. d4 d6 4. c4 Nb6 5. exd6 cxd6 6. Nc3 g6 7. Be3 Bg7 8. Rc1 0-0 9. b3 e5 10. dxe5 dxe5 11. Qxd8 Rxd8 12. c5 N6d7 13. Bc4 Nc6 14. Nf3 h6 15. Ne4 Nd4 16. Nd6 Kh7 17. Nxf7 Rf8 18. h4 Nxf3+ 19. gxf3 Nf6 20. Nxe5 Nh5 21. Nf7 Bd7 22. Nd6 Bc6 23. Rg1 Nf4 24. Rg4 Nd5 25. Bd3 Nxe3 26. Bxg6+ Kh8 27. fxe3 Rxf3 28. Ke2 Raf8 29. Rcg1 Rf2+ 30. Kd3 Bf3 31. Nf7+ Rxf7 32. Bxf7 Bxg4 33. Bd5 Be2+ 34. Kd2 Bf3+ 35. Ke1 Re2+ 36. Kf1 Rxe3 37. Kf2 Bd4 38. Bxf3 Rc3+ 0-1

[Event "Budapest SixDays 01 IM-B"]
[Site "Budapest"]
[Date "2023.01.25"]
[Round "4"]
[White "Jakab, Attila"]
[Black "Gatineau, Yovann"]
[Result "1-0"]
[WhiteElo "2308"]
[BlackElo "2354"]
[PlyCount "87"]
[EventDate "2023.01.23"]
[EventType "tourn"]
[EventRounds "9"]
[EventCountry "HUN"]
[SourceTitle "CBM 212 Extra"]
[Source "ChessBase"]
[SourceDate "2023.03.31"]
[SourceVersion "1"]
[SourceVersionDate "2023.03.31"]
[SourceQuality "1"]

1. d4 d5 2. c4 e6 3. Nc3 Nf6 4. cxd5 exd5 5. Bg5 Bb4 6. e3 h6 7. Bxf6 Qxf6 8. Qa4+ Nc6 9. Bb5 Bxc3+ 10. bxc3 Bd7 11. Ne2 0-0 12. 0-0 a6 13. Bd3 Qd6 14. Rab1 b5 15. Qc2 Ne7 16. Qb2 Rfc8 17. f3 c5 18. e4 Ra7 19. Kh1 Rac7 20. Rbd1 cxd4 21. cxd4 Nc6 22. a3 f6 23. Bb1 Ne7 24. e5 Qc6 25. Nf4 Bf5 26. Ba2 Kh8 27. h3 Qc3 28. Qxc3 Rxc3 29. Nxd5 Nxd5 30. Bxd5 Rxa3 31. g4 Bg6 32. e6 b4 33. Be4 Bxe4 34. fxe4 Rxh3+ 35. Kg2 Re3 36. d5 Rxe4 37. Kf3 Re5 38. Rfe1 Rxe1 39. Rxe1 Kg8 40. d6 Kf8 41. d7 Rc3+ 42. Kf2 Ke7 43. Rd1 Rc2+ 44. Kf1 1-0

[Event "HUN-chT 2223"]
[Site "Hungary"]
[Date "2022.12.04"]
[Round "2.11"]
[White "Bodi, Tibor"]
[Black "Jakab, Attila"]
[Result "0-1"]
[WhiteElo "2299"]
[BlackElo "2304"]
[PlyCount "60"]
[EventDate "2022.11.20"]
[EventType "team-tourn"]
[EventRounds "9"]
[EventCountry "HUN"]
[SourceTitle "CBM 211 Extra"]
[Source "ChessBase"]
[SourceDate "2023.01.31"]
[SourceVersion "1"]
[SourceVersionDate "2023.01.31"]
[SourceQuality "1"]
[WhiteTeam "Kobanya Aquarena"]
[BlackTeam "Ajka Sentimento"]
[WhiteTeamCountry "HUN"]
[BlackTeamCountry "HUN"]

1. Nf3 d5 2. g3 c6 3. Bg2 Bg4 4. 0-0 Nd7 5. h3 Bh5 6. d4 e6 7. c4 Ngf6 8. cxd5 exd5 9. Qb3 Nb6 10. Nh4 Be7 11. Nf5 0-0 12. Nc3 Re8 13. Nxe7+ Qxe7 14. Bg5 h6 15. Bxf6 Qxf6 16. e3 Nc4 17. Qxb7 Nd2 18. Rfc1 Nf3+ 19. Kh1 Rab8 20. Qa6 Rxb2 21. Nd1 Rd2 22. Rxc6 Qf5 23. Qf1 Ng5 24. g4 Bxg4 25. hxg4 Qxg4 26. Nc3 Rxe3 27. fxe3 Qh4+ 28. Kg1 Qg3 29. Nd1 Rxg2+ 30. Qxg2 Nf3+ 0-1

[Event "Budapest SixDays 09 IM"]
[Site "Budapest"]
[Date "2022.09.16"]
[Round "2"]
[White "Jakab, Attila"]
[Black "Player, Edmund C"]
[Result "1-0"]
[WhiteElo "2311"]
[BlackElo "2218"]
[PlyCount "149"]
[EventDate "2022.09.15"]
[EventType "tourn"]
[EventRounds "9"]
[EventCountry "HUN"]
[EventCategory "2"]
[SourceTitle "CBM 210 Extra"]
[Source "ChessBase"]
[SourceDate "2022.11.30"]
[SourceVersion "1"]
[SourceVersionDate "2022.11.30"]
[SourceQuality "1"]

1. d4 Nf6 2. c4 g6 3. Nc3 d5 4. Nf3 Bg7 5. Bf4 0-0 6. Rc1 dxc4 7. e4 c5 8. dxc5 Qa5 9. e5 Nh5 10. Be3 Rd8 11. Qa4 Qxa4 12. Nxa4 Nc6 13. Bxc4 Nxe5 14. Nxe5 Bxe5 15. g3 Nf6 16. f3 Bd7 17. Nc3 Bc6 18. Ke2 h5 19. b4 Bxc3 20. Rxc3 Nd5 21. Bxd5 Rxd5 22. Ra1 a5 23. bxa5 Rxa5 24. Rb3 Rd8 25. a3 Bd5 26. Rc3 Rb5 27. Rac1 Ra8 28. Rd1 Bc6 29. Bc1 Raa5 30. Rd8+ Kg7 31. Re3 Rb1 32. Bd2 Rxc5 33. Bc3+ e5 34. Bxe5+ f6 35. Bd4 Rc2+ 36. Kd3 Rxh2 37. Re7+ Kh6 38. Rh8+ Kg5 39. Be3+ Kf5 40. g4+ hxg4 41. fxg4+ Kxg4 42. Rxh2 Rb3+ 43. Kc4 Rxa3 44. Rf2 Ra4+ 45. Kb3 Ra6 46. Rg7 g5 47. Kb4 Bf3 48. Rc7 Re6 49. Rc3 Be4 50. Rc1 Kh5 51. Bd4 f5 52. Rh2+ Kg4 53. Rg1+ Kf4 54. Re2 Rg6 55. Ree1 g4 56. Be3+ Ke5 57. Ref1 Rc6 58. Re1 Rc2 59. Rgf1 Rb2+ 60. Kc3 Rc2+ 61. Kb3 Rc6 62. Rf2 Rg6 63. Bf4+ Ke6 64. Rd2 Rg8 65. Rd6+ Ke7 66. Rh6 g3 67. Rh3 g2 68. Rg3 Rxg3+ 69. Bxg3 Kf6 70. Kc3 Kg5 71. Kd4 Kg4 72. Bf2 b5 73. Ke5 b4 74. Re3 Bc2 75. Rg3+ 1-0

[Event "HUN-ch Rapid"]
[Site "Ajka"]
[Date "2022.07.16"]
[Round "8"]
[White "Antal, Gergely"]
[Black "Jakab, Attila"]
[Result "0-1"]
[WhiteElo "2571"]
[BlackElo "2311"]
[PlyCount "90"]
[EventDate "2022.07.15"]
[EventType "swiss (rapid)"]
[EventRounds "13"]
[EventCountry "HUN"]
[SourceTitle "CBM 209 Extra"]
[Source "ChessBase"]
[SourceDate "2022.09.30"]
[SourceVersion "1"]
[SourceVersionDate "2022.09.30"]
[SourceQuality "1"]

1. e4 c5 2. Nf3 g6 3. d4 Bg7 4. dxc5 Qa5+ 5. c3 Qxc5 6. Be3 Qa5 7. Nbd2 Nc6 8. h3 Nf6 9. Nc4 Qc7 10. e5 Ne4 11. Bd3 d5 12. exd6 Nxd6 13. Bf4 0-0 14. Nxd6 exd6 15. 0-0 Ne5 16. Be4 Bd7 17. Re1 Bc6 18. Bxc6 bxc6 19. Bxe5 dxe5 20. Qe2 Rae8 21. Nd2 f5 22. Qc4+ Kh8 23. Nb3 e4 24. Nc5 e3 25. Rxe3 Rxe3 26. fxe3 Re8 27. Rd1 Qe5 28. Rd3 Bh6 29. Nd7 Bxe3+ 30. Kh1 Qg3 31. Rd1 Bf4 32. Qd4+ Kg8 33. Qg1 Kg7 34. Nc5 Re3 35. b4 g5 36. Nb3 g4 37. Nd4 Kf6 38. Nc2 Rxc3 39. Rd8 Rxc2 40. Qd4+ Be5 41. Rf8+ Kg7 42. Qd7+ Kxf8 43. Qxf5+ Ke7 44. Qxh7+ Kd6 45. Qg6+ Kc7 0-1

[Event "HUN-ch Rapid"]
[Site "Ajka"]
[Date "2022.07.15"]
[Round "1"]
[White "Jakab, Attila"]
[Black "Szalay Ocsak, Bank"]
[Result "1-0"]
[WhiteElo "2311"]
[BlackElo "2146"]
[PlyCount "68"]
[EventDate "2022.07.15"]
[EventType "swiss (rapid)"]
[EventRounds "13"]
[EventCountry "HUN"]
[SourceTitle "CBM 209 Extra"]
[Source "ChessBase"]
[SourceDate "2022.09.30"]
[SourceVersion "1"]
[SourceVersionDate "2022.09.30"]
[SourceQuality "1"]

1. d4 Nf6 2. c4 e6 3. Nc3 Bb4 4. e3 0-0 5. Bd3 d5 6. Nf3 c5 7. 0-0 dxc4 8. Bxc4 Nc6 9. a3 Bxc3 10. bxc3 Qc7 11. Ba2 b6 12. Re1 e5 13. h3 Ba6 14. d5 Rad8 15. e4 Ne7 16. Bg5 Ng6 17. Bxf6 gxf6 18. g3 Bc8 19. Qd2 Kg7 20. Kh2 Qd7 21. Ng1 h5 22. h4 Rg8 23. Re3 Qg4 24. f3 Qd7 25. Rf1 Kh7 26. c4 Rg7 27. Bb1 Rdg8 28. Bd3 Nxh4 29. f4 Qg4 30. f5 Kh8 31. Qf2 b5 32. Be2 Qg5 33. Nh3 Nf3+ 34. Qxf3 h4 1-0

[Event "Budapest Vezerkepzo IM 05"]
[Site "Budapest"]
[Date "2022.05.24"]
[Round "9"]
[White "Jakab, Attila"]
[Black "Laddha, Yash Jayesh"]
[Result "1-0"]
[WhiteElo "2328"]
[BlackElo "2013"]
[PlyCount "59"]
[EventDate "2022.05.18"]
[EventType "tourn"]
[EventRounds "9"]
[EventCountry "HUN"]
[SourceTitle "CBM 209 Extra"]
[Source "ChessBase"]
[SourceDate "2022.09.30"]
[SourceVersion "1"]
[SourceVersionDate "2022.09.30"]
[SourceQuality "1"]

1. d4 Nf6 2. c4 e6 3. Nc3 Bb4 4. e3 0-0 5. Bd3 d5 6. Nf3 c5 7. 0-0 cxd4 8. exd4 dxc4 9. Bxc4 b6 10. Bg5 Bb7 11. Qd3 Nbd7 12. a3 Be7 13. Rfe1 h6 14. Bh4 a6 15. Rad1 b5 16. Ba2 Nb6 17. Bb1 g6 18. Rxe6 Nbd5 19. Nxd5 Bxd5 20. Ree1 Bxf3 21. Qxf3 Nd5 22. Bxe7 Nxe7 23. Qe3 Nd5 24. Qxh6 Qf6 25. Re5 Rad8 26. g3 Rfe8 27. Rde1 Rxe5 28. dxe5 Qe6 29. Ba2 Qe8 30. Re4 1-0

[Event "Budapest Vezerkepzo IM 05"]
[Site "Budapest"]
[Date "2022.05.20"]
[Round "3"]
[White "Jakab, Attila"]
[Black "Nimmy, A George"]
[Result "1/2-1/2"]
[WhiteElo "2328"]
[BlackElo "2098"]
[PlyCount "87"]
[EventDate "2022.05.18"]
[EventType "tourn"]
[EventRounds "9"]
[EventCountry "HUN"]
[SourceTitle "CBM 209 Extra"]
[Source "ChessBase"]
[SourceDate "2022.09.30"]
[SourceVersion "1"]
[SourceVersionDate "2022.09.30"]
[SourceQuality "1"]

1. d4 d5 2. c4 c6 3. Nf3 Nf6 4. e3 Bg4 5. Nbd2 e6 6. Be2 Nbd7 7. 0-0 Bd6 8. Qc2 0-0 9. h3 Bh5 10. b3 e5 11. dxe5 Nxe5 12. Bb2 Qe7 13. Rfe1 Bg6 14. Qc3 Nxf3+ 15. Bxf3 Bb4 16. Qc1 dxc4 17. bxc4 Rad8 18. Rd1 Nd7 19. a3 Bd6 20. Nb3 Be5 21. Bc3 Qf6 22. Bd4 c5 23. Bxe5 Nxe5 24. Bd5 Nd3 25. Qd2 b5 26. Qa2 Qc3 27. e4 bxc4 28. Nc1 Nb2 29. Ne2 Qf6 30. Rf1 Rfe8 31. Ng3 c3 32. f4 Bxe4 33. Bxe4 Qd4+ 34. Kh2 Rxe4 35. Nxe4 Qxe4 36. Rae1 Qd4 37. Re7 c4 38. Qb1 Nd3 39. Qb5 g6 40. Rc7 Nb2 41. Qe5 Qxe5 42. fxe5 c2 43. Rfxf7 c1Q 44. Rg7+ 1/2-1/2

[Event "HUN-chT 2122"]
[Site "Hungary"]
[Date "2021.12.19"]
[Round "4.11"]
[White "Csonka, Attila Istvan"]
[Black "Jakab, Attila"]
[Result "0-1"]
[WhiteElo "2357"]
[BlackElo "2326"]
[PlyCount "54"]
[EventDate "2021.10.10"]
[EventType "team-tourn"]
[EventRounds "9"]
[EventCountry "HUN"]
[SourceTitle "EXT 2023"]
[Source "ChessBase"]
[SourceDate "2022.10.05"]
[SourceVersion "1"]
[SourceVersionDate "2022.10.05"]
[SourceQuality "1"]
[WhiteTeam "Haladas"]
[BlackTeam "Ajka Sentimento"]
[WhiteTeamCountry "HUN"]
[BlackTeamCountry "HUN"]

1. e4 e6 2. d4 d5 3. Nd2 dxe4 4. Nxe4 Nd7 5. Nf3 Ngf6 6. Nxf6+ Nxf6 7. c3 Be7 8. Ne5 0-0 9. Be3 Nd7 10. Nc4 b6 11. Qf3 Rb8 12. Bd3 Bb7 13. Qh3 g6 14. 0-0-0 Bd5 15. Rhg1 b5 16. Ne5 Nxe5 17. dxe5 Qc8 18. g4 Qa6 19. g5 Qxa2 20. Bb1 Qa1 21. Rxd5 exd5 22. e6 Ba3 23. Kd2 Qxb2+ 24. Bc2 b4 25. Bd4 bxc3+ 26. Kd3 Qb5+ 27. Ke3 Bc5 0-1

[Event "Budapest Vezerkepzo IM 11"]
[Site "Budapest"]
[Date "2021.11.25"]
[Round "8"]
[White "Jakab, Attila"]
[Black "Sahithi Varshini, M."]
[Result "1/2-1/2"]
[WhiteElo "2326"]
[BlackElo "2141"]
[PlyCount "77"]
[EventDate "2021.11.18"]
[EventType "tourn"]
[EventRounds "9"]
[EventCountry "HUN"]
[SourceTitle "CBM 205 Extra"]
[Source "ChessBase"]
[SourceDate "2022.01.31"]
[SourceVersion "1"]
[SourceVersionDate "2022.01.31"]
[SourceQuality "1"]

1. d4 Nf6 2. Bg5 d5 3. Nf3 c5 4. e3 e6 5. Nbd2 Be7 6. c3 Nbd7 7. Bd3 0-0 8. 0-0 b6 9. Ne5 Bb7 10. f4 Ne4 11. Bxe4 dxe4 12. Bxe7 Qxe7 13. Nxd7 Qxd7 14. dxc5 bxc5 15. Nb3 Qc7 16. c4 f5 17. Qd2 a5 18. Rad1 a4 19. Nc1 Rfd8 20. Qc2 Bc6 21. Rxd8+ Rxd8 22. Rd1 Be8 23. Rxd8 Qxd8 24. b3 Bh5 25. bxa4 Bd1 26. Qc3 Bxa4 27. h3 Qd1+ 28. Kh2 h5 29. Nb3 Bxb3 30. Qxb3 Qe1 31. Qb6 Kf7 32. Qc7+ Kf6 33. Qxc5 h4 34. Qf8+ Kg6 35. Qe8+ Kh6 36. Qxe6+ g6 37. Qf6 Qg3+ 38. Kh1 Qe1+ 39. Kh2 1/2-1/2